| Поле | Название | Значение |
| |
Тип записи |
a |
| |
Библиографический уровень |
c |
| 001 |
Контрольный номер |
RU/SLIB/B/208770225 |
| 005 |
Дата корректировки |
20260129125238.7 |
| 010 |
Индекс ISBN |
__ |
| d |
Цена |
6 700-00; 316-00 |
| 100 |
Данные общей обработки |
__ |
| a |
Данные общей обработки |
20260129d1993 m y0rusy028902 ca |
| 101 |
Язык документа |
0_ |
| a |
Язык текста |
rus |
| 102 |
Страна публикации |
__ |
| a |
Страна публикации |
RU |
| 105 |
Кодированные данные (монография) |
__ |
| a |
Кодированные данные (монография) |
y z 000ay |
| 181 |
Поле кодированных данных: вид содержания |
_0 |
| a |
Код вида содержания (ISBD) |
i |
| 182 |
Поле кодированных данных: тип средства |
_0 |
| a |
Код типа средства (ISBD) |
n |
| 200 |
Заглавие и сведения об ответственности |
1_ |
| a |
Заглавие |
Черный обелиск ; Жизнь взаймы |
| f |
Первые сведения об ответственности |
Э. М. Ремарк |
| 203 |
Вид содержания и тип средства |
__ |
| a |
Вид содержания |
Текст |
| c |
Тип средства |
непосредственный |
| 210 |
Выходные данные |
1_ |
| a |
Место издания |
Москва |
| c |
Издательство |
Лексика |
| d |
Дата издания |
1993 |
| 215 |
Физическое описание |
__ |
| a |
Объем |
544 с. |
| 327 |
Примечание о содержании |
0_ |
| a |
Примечание о содержании |
Жизнь взаймы |
| 330 |
Аннотация |
__ |
| a |
Аннотация |
"Жизнь взаймы" - это жизнь, которую герои отвоевывают у смерти. Когда терять уже нечего, когда один стоит на краю гибели, так эту жизнь и не узнав, а другому эта треклятая жизнь стала невыносима. И как всегда у Ремарка, только любовь и дружба остаются незыблемыми. Их называли "потерянным поколением". И они действительно потеряли все - или почти все? Что же у них осталось? Верная дружба - и спасительная ирония. Потому что иначе невозможно ни выжить в "стране, охваченной кризисом", ни выстоять перед "житейски-алкогольно-любовными трудностями" - ни, наконец, выгодно продать никому не нужный надгробный Черный обелиск! |
| 606 |
Тематические рубрики |
__ |
| a |
Основная рубрика |
Художественная литература |
| y |
Географическая подрубрика |
Германия |
| 2 |
Код системы |
nlr_sh |
| 606 |
Тематические рубрики |
__ |
| a |
Основная рубрика |
Литература Европы (произведения) |
| 2 |
Код системы |
nlr_sh |
| z |
Хронологическая подрубрика |
20 в. |
| 610 |
Ключевые слова |
0_ |
| a |
Ключевые слова |
немецкая литература; писатели; проза; прозаики; романы |
| 610 |
Ключевые слова |
0_ |
| a |
Ключевые слова |
зарубежная литература |
| 610 |
Ключевые слова |
0_ |
| a |
Ключевые слова |
иностранная литература |
| 610 |
Ключевые слова |
0_ |
| a |
Ключевые слова |
потерянное поколение |
| 610 |
Ключевые слова |
0_ |
| a |
Ключевые слова |
тема Первой мировой войны |
| 610 |
Ключевые слова |
0_ |
| a |
Ключевые слова |
Первая мировая война |
| 610 |
Ключевые слова |
0_ |
| a |
Ключевые слова |
тема послевоенного времени |
| 610 |
Ключевые слова |
0_ |
| a |
Ключевые слова |
тема войны |
| 610 |
Ключевые слова |
0_ |
| a |
Ключевые слова |
тема человека на войне |
| 610 |
Ключевые слова |
0_ |
| a |
Ключевые слова |
Первая мировая война |
| 686 |
Индексы других классификаций |
__ |
| a |
Классификационный индекс |
84(4Гем)-4 |
| 2 |
Код системы |
rubbks |
| 700 |
Автор |
_1 |
| a |
Фамилия |
Ремарк |
| b |
Имя |
Э. М. |
| 4 |
Код отношения |
070 |
| f |
Даты |
1898-1970 |
| g |
Полное личное имя |
Эрих Мария |
| 801 |
Источник записи |
_0 |
| a |
Страна |
RU |
| b |
Организация |
Муниципальное бюджетное учреждение культуры "Централизованная библиотечная система" г. Сургут (Центральная городская библиотека им. А. С. Пушкина) |
| g |
Правила каталогизации |
PSBO |
| 801 |
Источник записи |
_1 |
| a |
Страна |
RU |
| b |
Организация |
Муниципальное бюджетное учреждение культуры "Централизованная библиотечная система" г. Сургут (Центральная городская библиотека им. А. С. Пушкина) |
| g |
Правила каталогизации |
PSBO |
| 852 |
Данные о местонахождении |
__ |
| j |
Шифр хранения |
84(4Гем)-4 |
| i |
Авторский знак |
Р 37 |
| p |
Инвентарный номер |
51165; 48860; 48390 |
| 901 |
Тип документа |
__ |
| t |
Тип документа |
x |
| a |
Ответственный |
КиК/Елгина |
| 901 |
Тип документа |
__ |
| a |
Ответственный |
СКБР2026 |
| 903 |
Характеристики (МАРС) |
__ |
| a |
Дата передачи |
20260128 |
| c |
Наименование библиотеки (МАРС) |
Муниципальное бюджетное учреждение культуры "Централизованная библиотечная система" г. Сургут (Центральная городская библиотека им. А. С. Пушкина) |
| 969 |
Тип издания |
__ |
| a |
Тип издания |
сборник |
| 990 |
Данные о заказе (DOS) |
__ |
| j |
Количество экземпляров (DOS) |
9 |
| t |
N записи в КСУ для И/У (DOS) |
ретро |